The best of anthropology today

Αποθηκεύτηκε σε:
Λεπτομέρειες βιβλιογραφικής εγγραφής
Άλλοι συγγραφείς: Benthall, Jonathan (Επιμελητής έκδοσης)
Μορφή: Βιβλίο
Γλώσσα:English
Δημοσίευση: London; New York : Routledge, 2002
Θέματα:
Ετικέτες: Προσθήκη ετικέτας
Δεν υπάρχουν, Καταχωρήστε ετικέτα πρώτοι!

MARC

LEADER 00000cam a2200000 i 4500
001 1/59052
008 040804s2002 eng d
020 |a 0-415-26255-0 
035 |l 10074052 
040 |a GR-MY-UA  |b gre  |e aacr 
041 0 |a eng 
082 0 |a 306  |2 (21) 
245 1 4 |a The best of anthropology today /  |c edited by Jonathan Benthall ; with a preface by Marshall Sahlins 
260 |a London; New York :   |b Routledge,   |c 2002 
300 |a xviii, 365 σ.;  |b εικ.;  |c 26 εκ. 
504 |a Περιέχει βιβλιογραφία και ευρετήριο 
650 0 0 |a Anthropology. 
650 0 0 |a Anthropology  |x History  |y 20th century. 
700 1 |a Benthall, Jonathan.  |4 edt 
852 |a INST  |b LESVOS  |e 20040804  |h 306 BES  |p 005100030462  |q 005100030462  |t BK  |y 0 
901 |a BIBL1-2004-2 
909 |a Λ  |b 111147 
920 |a ΤΑΚΤΙΚΟΣ ΚΟΙΝΩΝΙΚΗΣ ΑΝΘΡΩΠΟΛΟΓΙΑΣ ΚΑΙ ΙΣΤΟΡΙΑΣ  |y ΛΕΣΒΟΣ  |z 2004-05 
970 |a ΧΡΙΣΤΟΦΑ  |b ΝΙΚΗ  |z 2004/08/04